00497 a2200157 4500010001400000020002300014035001300037037001800050082001200068100001700080245007700097260003900174270006200213300002400275500004000299 aENG-85442 c250.00a8179771407 aEN-68975 bD.B.Act / Pub00a181.499 aSingh, R. K.1 aSri Aurobindo's Savitricby R. K. Singhbessays on love, life, and death aBareillybPrakash Book Depotc2005 aBara BazarbBareillye243003cUttar Pradeshk0581-2470217 a176 p.c21 cm. (Hb) aIncludes bibliographical references